000 00360nam a2200145Ia 4500
008 210210b1978 xxu||||| |||| 00| 0 eng d
082 _a531 GOLC
100 _aGOLDSTEIN (Herbert).
245 _aClassical mechanics.
260 _aLondon
_bAddison-Wesley
_c1978
300 _axii,399
650 _aClassical Mechanics
690 _aMechanics
906 _a039419
999 _c89506
_d89506